000 00234nam a2200097Ia 4500
008 220204s9999 xx 000 0 und d
082 _a058(394)
_bARA
245 0 _aArabian yearbook 1983
260 _aKuwait
_bShuwaikh
_c1983
942 _cBK
999 _c37086
_d37086